000 00925cam a2200205 4500
001 WB3836-04
008 021003n2002 000 0 eng u
035 _a(Sirsi) u119992
245 _aeProcurement: cutting through the hype
260 _c2002
490 _aRICS Project Management Faculty News
_v3 October 2002 (1)
520 _aA new guide to eProcurement for the public sector called, "eProcurement: Cutting through the hype", has now been finalised. The guide highlights what professionals need to know about eProcurement to manage its introduction successfully. It is available on the Office of Government Commerce website, http://www.ogc.gov.uk/index.asp?docid=2314. For more information email [email protected]
590 _aWB
650 _aProcurement
_96260
650 _aGUIDANCE
650 _aProcurement-old
650 _aProject management
_96261
690 _aBUILT ENVIRONMENT
942 _n0
999 _c71303
_d71303